Statistics for Diana Ross Filmography

Click here to take the quiz!

General Stats

  • This quiz has been taken 14 times
    (4 since last reset)
  • The average score is 9 of 72

Answer Stats

TypeYearName% Correct
TV Special1992Diana Ross Live! The Lady Sings... Jazz & Blues: Stolen Moments
100%
Film1972Lady Sings the Blues
100%
Film1975Mahogany
75%
Film1978The Wiz
75%
Award Show1974The 46th Annual Academy Awards
50%
Award Show1985The 57th Annual Academy Awards
50%
TV Show1964-1969The Ed Sullivan Show
50%
Award Show200031st NAACP Image Awards
25%
Theater1976An Evening with Diana Ross
25%
TV Special1977An Evening with Diana Ross
25%
Film1965Beach Ball
25%
TV Special1981Diana
25%
TV Special1971Diana!
25%
TV Special1987Diana Ross: Red Hot Rhythm and Blues
25%
TV Film1999Double Platinum
25%
TV Special1969G.I.T. on Broadway
25%
TV Show1965Hullabaloo
25%
TV Show1971Make Room for Granddaddy
25%
TV Film1994Out of Darkness
25%
Concert Film1964T.A.M.I. Show
25%
TV Special1968TCB
25%
TV Show1966The Dean Martin Show
25%
TV Show1965, 1969The Hollywood Palace
25%
TV Special19941994 FIFA World Cup
0%
TV Show1967ABC Stage 67
0%
TV Special1993Always Is Forever: 30th Anniversary
0%
TV Show2007American Idol
0%
TV Show1999An Audience with...
0%
TV Show2018Ashlee + Evan
0%
TV Show1973BBC Show of the Week
0%
Award Show2007BET Awards 2007
0%
TV Special1993BET Walk of Fame
0%
TV Special1992Christmas in Vienna
0%
TV Special2012Christmas in Washington
0%
TV Special1979Diana Ross in Concert!
0%
TV Special1983Diana Ross Live from Central Park
0%
TV Documentary2019Diana Ross: Suprême Diva
0%
TV Special1989Diana Ross: Workin' Overtime HBO: World Stage
0%
TV Special1984Diana Ross Worldwide from New York: For One and All
0%
TV Show1978Live Wednesday
0%
TV Special1983Motown 25: Yesterday, Today, Forever
0%
TV Special1998Motown 40: The Music Is Forever
0%
TV Special2008Nobel Peace Prize Concert
0%
TV Special1994Operalia
0%
TV Show1965Ready, Steady, Go!
0%
Documentary2023Renaissance
0%
TV Show1969Rowan & Martin's Laugh-In
0%
TV Show1965Shindig!
0%
TV Show
1965Shivaree
0%
TV Show1980Standing Room Only
0%
TV Special1996Super Bowl XXX
0%
TV Special1997Super Concert of the Century
0%
TV Show1968Tarzan
0%
Award Show1986The 13th Annual American Music Awards
0%
Award Show2000The 27th Annual American Music Awards
0%
TV Show1969The Bob Hope Show
0%
TV Special1969The Dinah Shore Special: Like Hep
0%
TV Show1971The Jackson 5ive
0%
Award Show2007The Kennedy Center Honors: A Celebration of the Performing Arts
0%
Film1988The Land Before Time
0%
TV Show1968The London Palladium Show
0%
TV Documentary2002The Making and Meaning of 'We Are Family'
0%
TV Show1976The Midnight Special
0%
TV Show1980The Muppet Show
0%
TV Show2011The Oprah Winfrey Show
0%
TV Show1966The Sammy Davis, Jr. Show
0%
Award Show1976The Second Annual Rock Music Awards
0%
TV Special1967The Tennessee Ernie Ford Special
0%
TV Show2014The Voice
0%
TV Special2005Tsunami Aid: A Concert of Hope
0%
TV Special2000VH1 Divas 2000: A Tribute to Diana Ross
0%
Short Film1978Wiz on Down the Road
0%

Score Distribution

Percentile by Number Answered

Percent of People with Each Score

Your Score History

You have not taken this quiz since the last reset